Day #99: Countries 9900 km away from Libya - Statistics

General Stats
  • This quiz has been taken 7 times
  • The average score is 14 of 17
Answer Stats
Answer % Correct
Brazil
100%
Canada
100%
Russia
100%
United States of America
100%
Argentina
86%
Bolivia
86%
Mexico
86%
Nicaragua
86%
Panama
86%
Paraguay
86%
Peru
86%
Colombia
71%
Ecuador
71%
Honduras
71%
Indonesia
71%
Malaysia
71%
South Korea
43%
No matching quizzes found
Score Distribution
Percent of People with Each Score
Percentile by Number Answered
Your Score History
You have not taken this quiz